Normal view
MARC view
Entry Personal Name
001 - CONTROL NUMBER
- control field: 11231
003 - CONTROL NUMBER IDENTIFIER
- control field: BD-RjUL
005 - DATE AND TIME OF LATEST TRANSACTION
- control field: 20240129142753.0
008 - FIXED-LENGTH DATA ELEMENTS
- fixed length control field: 240129|| aca||aabn | a|a d
040 ## - CATALOGING SOURCE
- Original cataloging agency: BD-RjUL
- Transcribing agency: BD-RjUL
100 ## - HEADING--PERSONAL NAME
- Personal name: هارون، محمد، ;; Hārūn, Muḥammad,
- Dates associated with a name: active approximately 1911
670 ## - SOURCE DATA FOUND
- Source citation: Work cat.: (BD-RjUL)82845: هارون، محمد، ;; Hārūn, Muḥammad, active approximately 1911., تلخيص دروس السيرة المحمدية : ;; Talkhīṣ durūs al sīrat al-Muḥammadīyah :